EDUCATION FOR PRIMARY TEACHER EDUCATION (Record no. 216486)

MARC details
000 -LEADER
fixed length control field 00422nam a22001457a 4500
008 - FIXED-LENGTH DATA ELEMENTS--GENERAL INFORMATION
fixed length control field 260119b |||||||| |||| 00| 0 eng d
020 ## - INTERNATIONAL STANDARD BOOK NUMBER
International Standard Book Number 978-9966-46-740-9
100 ## - MAIN ENTRY--PERSONAL NAME
Personal name NGAROGA, JOSEPH M.
245 ## - TITLE STATEMENT
Title EDUCATION FOR PRIMARY TEACHER EDUCATION
260 ## - PUBLICATION, DISTRIBUTION, ETC.
Place of publication, distribution, etc. NAIROBI
Name of publisher, distributor, etc. EAST AFRICAN EDUCATIONAL PUBLISHERS
Date of publication, distribution, etc. 2006
300 ## - PHYSICAL DESCRIPTION
Extent IX, 436P.
650 ## - SUBJECT ADDED ENTRY
Topical term or geographic name entry element 1. EDUCATION, ELEMENTARY
942 ## - ADDED ENTRY ELEMENTS (KOHA)
Source of classification or shelving scheme Library of Congress Classification
Koha item type Long Loan Book
Holdings
Withdrawn status Lost status Source of classification or shelving scheme Damaged status Not for loan Collection Home library Current library Shelving location Date acquired Inventory number Total checkouts Full call number Barcode Date last seen Copy number Price effective from Koha item type
    Library of Congress Classification     Arts & Social Sciences Kisii University Library Kisii University Library On Display 01/19/2026 110911   LB 1727 .N 463 2006 000000024991 01/19/2026 C.1 01/19/2026 Long Loan Book
    Library of Congress Classification     Arts & Social Sciences Kisii University Library Kisii University Library On Display 01/19/2026 110912   LB 1727 .N 463 2006 000000024992 01/19/2026 C.2 01/19/2026 Long Loan Book
    Library of Congress Classification     Arts & Social Sciences Kisii University Library Kisii University Library On Display 01/19/2026 110913   LB 1727 .N 463 2006 000000024993 01/19/2026 C.3 01/19/2026 Long Loan Book
    Library of Congress Classification     Arts & Social Sciences Kisii University Library Kisii University Library On Display 01/19/2026 110914   LB 1727 .N 463 2006 000000024994 01/19/2026 C.4 01/19/2026 Long Loan Book